वल्लतोल की कवेतायें / (Record no. 113131)

MARC details
000 -LEADER
fixed length control field 01033nam a22002537a 4500
005 - DATE AND TIME OF LATEST TRANSACTION
control field 20170124102948.0
010 ## - LIBRARY OF CONGRESS CONTROL NUMBER
LC control number 401372
020 ## - INTERNATIONAL STANDARD BOOK NUMBER
Terms of availability 2.50
035 ## - SYSTEM CONTROL NUMBER
System control number 401372
037 ## - SOURCE OF ACQUISITION
Source of stock number/acquisition Cen Lib/Ret
040 ## - CATALOGING SOURCE
Original cataloging agency DPL
Language of cataloging HN
082 ## - DEWEY DECIMAL CLASSIFICATION NUMBER
Classification number 821
Item number वल्लतो
245 ## - TITLE STATEMENT
Title वल्लतोल की कवेतायें /
Statement of responsibility, etc अनुवादिका रत्मायी देवी दीक्षित
246 ## - VARYING FORM OF TITLE
Title proper/short title Valltol ki kavitayen /
Remainder of title anuvadika RantyiDevi dexit
260 ## - PUBLICATION, DISTRIBUTION, ETC. (IMPRINT)
Name of publisher, distributor, etc साहित्य अकादेमी
Place of publication, distribution, etc नयी दिल्ली
Date of publication, distribution, etc 1959
270 ## - ADDRESS
City नयी दिल्ली
300 ## - PHYSICAL DESCRIPTION
Extent 127पृ.
Dimensions 16सेमी(सजिल्द )
650 ## - SUBJECT ADDED ENTRY--TOPICAL TERM
Topical term or geographic name as entry element हिंदी साहित्य
General subdivision
Geographic subdivision
9 (RLIN) 50775
650 ## - SUBJECT ADDED ENTRY--TOPICAL TERM
Topical term or geographic name as entry element हिंदी नाटक
9 (RLIN) 50776
650 ## - SUBJECT ADDED ENTRY--TOPICAL TERM
Topical term or geographic name as entry element Hindi literature
9 (RLIN) 50777
650 ## - SUBJECT ADDED ENTRY--TOPICAL TERM
Topical term or geographic name as entry element Hindi drama
9 (RLIN) 50778
700 ## - ADDED ENTRY--PERSONAL NAME
Personal name दीक्षित, रत्मायी देवी
9 (RLIN) 50779
942 ## - ADDED ENTRY ELEMENTS (KOHA)
Source of classification or shelving scheme Dewey Decimal Classification
Koha item type Hindi Books
Classification part 821
Call number suffix वल्लतो
Holdings
Withdrawn status Lost status Damaged status Not for loan Home library Current library Date acquired Source of acquisition Cost, normal purchase price Total Checkouts Full call number Barcode Date last seen Copy number Cost, replacement price Price effective from Koha item type
        Central Library Central Library 11/08/2015 Cen Lib/Ret 2.50   821 वल्लतो 401372 11/08/2015 1 2.50 11/08/2015 Hindi Books

© Delhi Public Library
Hit Counter
free hit counter